Temples of South India (Record no. 3817)

000 -LEADER
fixed length control field 00515nam a22001697a 4500
008 - FIXED-LENGTH DATA ELEMENTS--GENERAL INFORMATION
fixed length control field 200702b ||||| |||| 00| 0 eng d
020 ## - INTERNATIONAL STANDARD BOOK NUMBER
Terms of availability Rs. 4.00
041 0# - LANGUAGE CODE
Language code of text/sound track or separate title eng
082 00 - DEWEY DECIMAL CLASSIFICATION NUMBER
Classification number 726.1409548
Item number M712
110 ## - MAIN ENTRY--CORPORATE NAME
9 (RLIN) 1726
Corporate name or jurisdiction name as entry element Ministry of information and Broad Casting, India.
245 10 - TITLE STATEMENT
Title Temples of South India
260 ## - PUBLICATION, DISTRIBUTION, ETC. (IMPRINT)
Place of publication, distribution, etc Delhi :
Name of publisher, distributor, etc Ministry of information and Broad Casting,
Date of publication, distribution, etc 1960.
300 ## - PHYSICAL DESCRIPTION
Extent 52 p.
365 ## - TRADE PRICE
Price amount INR 4.00
650 #0 - SUBJECT ADDED ENTRY--TOPICAL TERM
Topical term or geographic name as entry element Temples
942 ## - ADDED ENTRY ELEMENTS (KOHA)
Item type Books
Holdings
Withdrawn status Lost status Source of classification or shelving scheme Damaged status Not for loan Permanent location Current location Date acquired Full call number Barcode Date last seen Koha item type
          IMU Kolkata IMU Kolkata 1961-12-04 726.1409548 M712 02619 2020-07-02 Books
Designed and Maintained by IMU-KC Library, Kolkata Campus © Copyright All Rights Reserved

webs counters

Powered by Koha